Europejskie reprezentacje w barażach do Mistrzostw Świata 2026 - Statystyki

Ogólne statystyki
  • Ten quiz został rozwiązany 294 razy
  • Średni wynik to 10 z 16
Statystyki odpowiedzi
Koszyk % Poprawnych
Polska
100%
Szwecja
90%
Ukraina
89%
Włochy
87%
Albania
84%
Irlandia
65%
Dania
64%
Turcja
62%
Czechy
58%
Kosowo
56%
Bośnia i Hercegowina
54%
Słowacja
52%
Walia
47%
Rumunia
46%
Macedonia Północna
43%
Irlandia Północna
40%
Nie znaleziono quizów pasujących do podanych kryteriów
Rozkład punktacji
Procent ludzi z każdym wynikiem
Percentyl według liczby udzielonych odpowiedzi
Twoja historia wyników
Nie rozwiązałeś tego quizu